00781nam a2200229 i 4500001000700000003000900007005001700016007000300033008004100036080001800077100003500095245006100130260003000191300002200221490002700243500004300270700002900313830003500342852003300377999001900410952012200429133522ES-MaACL20230906194433.0t|070820s1948 fr ||||1| fre d a821.133.1"18"1 aFeydeau, Ernest-Aimé.95065210aFanny / cErnest Feydeau ; préface de René Dumesnil. aParis : bStock, c[1948] a192 p. ; c21 cm.1 aCent romans français aBiblioteca Jacinto Martínez Lacalle.1 aDumesnil, René.9459980 aCent romans français9219747 aES-MaACLjE-11968 bR.139861 c133522d133522 00104070aATENEOMbATENEOMcDEPO2d2008-01-17eSCl0oE-11968p1138999r2023-02-23 00:00:00w2023-02-23yMONOGRAFIA